000 00583nam a2200193 i 4500
001 117772
003 ES-MaACL
005 20251015063117.0
007 t|
008 070214s1946 sp r ||||1| spa d
100 1 _aPapini, Giovanni,
_d1881-1956
_988874
245 1 0 _aLettere agli uomini di Papa Celestino VI /
_cGiovanni Papini.
260 _aFirenze :
_bVallecchi,
_c1946.
300 _a201 p. ;
_c20 cm.
650 0 4 _aApologética.
_99921
650 7 _aIglesia y problemas sociales
_2embne
_913569
852 _aES-MaACL
_jC-3938
_bR.23593
999 _c117772
_d117772